|
|
|
|
| LEADER |
01597nam a2200373 a 4500 |
| 001 |
31434 |
| 003 |
BD-DhAAL |
| 005 |
20211125112716.0 |
| 008 |
161114s2012 enk b 001 0 eng c |
| 999 |
|
|
|c 37883
|d 37883
|
| 010 |
|
|
|a 94221592
|
| 020 |
|
|
|a 9780199644698
|
| 020 |
|
|
|a 9780199644704
|
| 020 |
|
|
|a 9780198729990
|
| 020 |
|
|
|a 0198761228
|
| 040 |
|
|
|a MoSU-L
|c MoSU-L
|d DLC
|d BD-DhAAL
|
| 050 |
0 |
0 |
|a K237
|b .H3 1994
|
| 082 |
0 |
0 |
|a 340.1
|2 20
|
| 100 |
1 |
|
|a Hart, H. L. A.
|q (Herbert Lionel Adolphus),
|d 1907-1992.
|9 20742
|
| 245 |
1 |
4 |
|a The concept of law /
|c H.L.A. Hart ; with a postscript edited by Penelope A. Bulloch and Joseph Raz. and with an introduction and notes by Leslie Green
|
| 250 |
|
|
|a Third edition.
|
| 260 |
|
|
|a Oxford :
|b Oxford University Press,
|c 2012 [reprinted 2019]
|
| 300 |
|
|
|a xii, 315 pages :
|a lv, 333 pages ;
|c 23 cm.
|
| 490 |
|
|
|a Clarendon Law series
|
| 504 |
|
|
|a Includes bibliographical references and index.
|
| 526 |
|
|
|a SOL
|
| 541 |
|
|
|a Hye Trade International
|e 31434, 37037
|
| 650 |
|
0 |
|a Jurisprudence
|x Methodology.
|9 20743
|
| 650 |
|
0 |
|a Law
|x Philosophy.
|9 20744
|
| 650 |
|
0 |
|a Law.
|9 43141
|
| 830 |
|
|
|a Clarendon Law series
|9 39300
|
| 942 |
|
|
|2 ddc
|c BK
|
| 952 |
|
|
|0 0
|1 0
|2 ddc
|4 0
|6 340_100000000000000_HAR
|7 0
|9 59758
|a BRACUL
|b BRACUL
|c GEN
|d 2016-10-06
|e 5
|g 3080.00
|l 7
|m 15
|o 340.1 HAR
|p 3010031434
|r 2024-05-12
|s 2024-03-14
|t 1
|v 3080.00
|w 2016-10-06
|y BK
|
| 952 |
|
|
|0 0
|1 0
|2 ddc
|4 0
|6 340_100000000000000_HAR
|7 0
|9 67880
|a BRACUL
|b BRACUL
|c GEN
|d 2020-02-09
|e Hye Trade International
|g 1399.00
|l 1
|m 1
|o 340.1 HAR
|p 3010037037
|r 2025-04-06
|s 2025-03-16
|t 2
|v 1399.00
|w 2020-02-09
|y BK
|